| 000 | 00591nam a22001817a 4500 | ||
|---|---|---|---|
| 003 | CEME | ||
| 005 | 20210628203356.0 | ||
| 008 | 210121b xxu||||| |||| 00| 0 eng d | ||
| 020 | _a0-471-68719-7 | ||
| 040 | _cceme | ||
| 082 | _a004.36 DIS | ||
| 100 |
_aDi Stefano, Michael , Stefano, Michael Di _965060 |
||
| 245 | _aDistributed data management for grid computing | ||
| 260 |
_aNEW YORK _bJOHN WILEY _c2005 |
||
| 300 | _aXXI,285 P | ||
| 650 |
_aCOMPUTATIONAL GRIDS (COMPUTER SYSTEMS) , DATABASE MANAGEMENT.DATA MANAGEMENT FOR GRID COMPUTING.GRID COMPUTING _965061 |
||
| 942 |
_cBK _2ddc |
||
| 999 |
_c573379 _d573379 |
||